| 000 | 00542nam a2200217Ia 4500 | ||
|---|---|---|---|
| 008 | 101110s9999 xx 000 0 und d | ||
| 041 | _aENGLISH | ||
| 082 | _bSR28649 | ||
| 100 | _aMathur B.L. | ||
| 245 | _aManagement of industrial finance | ||
| 260 |
_c2002 _bRBSA Publishers, Jaipur |
||
| 300 | _a303 | ||
| 365 | _b600 | ||
| 520 | _aEconomics | ||
| 546 | _aENGLISH | ||
| 630 | _aManagement of industrial finance | ||
| 650 | _aEconomics | ||
| 655 | _aEconomics | ||
| 730 | _aManagement of industrial finance | ||
| 942 | _cBOOK | ||
| 999 |
_c821178 _d821175 |
||